000 00205nam a22000857a 4500
999 _c23732
_d23732
005 20250212120605.0
008 250212b ||||| |||| 00| 0 eng d
040 _csk
245 _aPletieme na rukách a na prstoch